<?xml version="1.0" encoding="UTF-8"?>
<record
    xmlns:xsi="http://www.w3.org/2001/XMLSchema-instance"
    xsi:schemaLocation="http://www.loc.gov/MARC21/slim http://www.loc.gov/standards/marcxml/schema/MARC21slim.xsd"
    xmlns="http://www.loc.gov/MARC21/slim">

  <leader>02088nam a22002537a 4500</leader>
  <controlfield tag="003">DO-SdBNP</controlfield>
  <controlfield tag="005">20211214140222.0</controlfield>
  <controlfield tag="007">ta</controlfield>
  <controlfield tag="008">211124b2019    dr ac||| |||| 00| 0 spa d</controlfield>
  <datafield tag="020" ind1=" " ind2=" ">
    <subfield code="a">9789945804607</subfield>
  </datafield>
  <datafield tag="040" ind1=" " ind2=" ">
    <subfield code="a">DO-SdBNP</subfield>
    <subfield code="b">spa </subfield>
    <subfield code="c">BNPHU </subfield>
  </datafield>
  <datafield tag="100" ind1="1" ind2=" ">
    <subfield code="a">S&#xE1;nchez Leguizam&#xF3;n, Pedro</subfield>
    <subfield code="9">80727</subfield>
  </datafield>
  <datafield tag="245" ind1=" " ind2=" ">
    <subfield code="a">Relaciones diplom&#xE1;ticas y consulares entre Paraguay y la Rep&#xFA;blica Dominicana /</subfield>
    <subfield code="c">Pedro S&#xE1;nchez Leguizam&#xF3;n, Lucy Arraya ; pr&#xF3;logo  Alejandra V. Liriano.</subfield>
  </datafield>
  <datafield tag="260" ind1=" " ind2=" ">
    <subfield code="a">Santo Domingo : </subfield>
    <subfield code="b">B&#xFA;ho, </subfield>
    <subfield code="c">2019</subfield>
  </datafield>
  <datafield tag="300" ind1=" " ind2=" ">
    <subfield code="a">207 p. : </subfield>
    <subfield code="b">il., retrs. ; </subfield>
    <subfield code="c">23 cm. </subfield>
  </datafield>
  <datafield tag="500" ind1=" " ind2=" ">
    <subfield code="a">Incluye datos biogr&#xE1;ficos de los autores en las solapas</subfield>
  </datafield>
  <datafield tag="504" ind1=" " ind2=" ">
    <subfield code="a">Bibliograf&#xED;a : p. 203-207</subfield>
  </datafield>
  <datafield tag="505" ind1="0" ind2=" ">
    <subfield code="a">Cuadros y figuras &#x2013; Dedicatoria &#x2013; Agradecimientos &#x2013; Pr&#xF3;logo -- Comentario introductorio -- A modo de introducci&#xF3;n -- Primera parte. Breve rese&#xF1;a hist&#xF3;rica. Un ilustre visitante dominicano en Asunci&#xF3;n - 1921 -- Semblanzas de la historia y pol&#xED;tica exterior del Paraguay -- Semblanzas de la historia y pol&#xED;tica exterior de la Rep&#xFA;blica Dominicana -- Planes afines de las Canciller&#xED;as nacionales -- Evoluci&#xF3;n de las relaciones diplom&#xE1;ticas y consulares entre ambos pa&#xED;ses -- Comunicaciones significativas intercambiadas desde 1887 a 1998 -- Evoluci&#xF3;n hist&#xF3;rica de las representaciones diplom&#xE1;ticas y consulares -- Condecoraciones y honores de la Rep&#xFA;blica Dominicana y Rep&#xFA;blica del Paraguay -- Segunda parte. Presente y futuro.  Apertura de la Embajada del Paraguay en la Rep&#xFA;blica Dominicana -- Apoyos a las candidaturas presentadas por ambos pa&#xED;ses -- Fuerza Interamericana de Paz en la Rep&#xFA;blica Dominicana (1965). La participaci&#xF3;n paraguaya -- Relaciones comerciales entre el Paraguay y la Rep&#xFA;blica Dominicana -- Visitas oficiales -- Intercambio cultural entre ambos pa&#xED;ses --Poema canci&#xF3;n dedicado a la Rep&#xFA;blica Dominicana -- Fuentes bibliogr&#xE1;ficas y documentales.</subfield>
  </datafield>
  <datafield tag="590" ind1=" " ind2=" ">
    <subfield code="a">Inventariado, 2021 /LP


</subfield>
  </datafield>
  <datafield tag="700" ind1="1" ind2=" ">
    <subfield code="a"> Arraya, Lucy</subfield>
    <subfield code="9">80100</subfield>
  </datafield>
  <datafield tag="700" ind1="1" ind2=" ">
    <subfield code="a">Liriano, Alejandra V.</subfield>
    <subfield code="e">pr&#xF3;logo</subfield>
    <subfield code="9">80728</subfield>
  </datafield>
  <datafield tag="910" ind1=" " ind2=" ">
    <subfield code="a">Lop&#xE9;rez.</subfield>
  </datafield>
  <datafield tag="942" ind1=" " ind2=" ">
    <subfield code="2">ddc</subfield>
    <subfield code="c">LBS1</subfield>
  </datafield>
  <datafield tag="952" ind1=" " ind2=" ">
    <subfield code="0">0</subfield>
    <subfield code="1">0</subfield>
    <subfield code="2">ddc</subfield>
    <subfield code="5">1</subfield>
    <subfield code="7">0</subfield>
    <subfield code="8">PD</subfield>
    <subfield code="a">BNPHU</subfield>
    <subfield code="b">PD</subfield>
    <subfield code="c">HD</subfield>
    <subfield code="d">2021-11-24</subfield>
    <subfield code="e">Dep&#xF3;sito Legal </subfield>
    <subfield code="l">0</subfield>
    <subfield code="p">2021-28324</subfield>
    <subfield code="r">2021-11-24</subfield>
    <subfield code="w">2021-11-24</subfield>
    <subfield code="y">LFPD</subfield>
  </datafield>
  <datafield tag="952" ind1=" " ind2=" ">
    <subfield code="0">0</subfield>
    <subfield code="1">0</subfield>
    <subfield code="2">ddc</subfield>
    <subfield code="5">1</subfield>
    <subfield code="7">0</subfield>
    <subfield code="8">PD</subfield>
    <subfield code="a">BNPHU</subfield>
    <subfield code="b">PD</subfield>
    <subfield code="c">HD</subfield>
    <subfield code="d">2021-11-24</subfield>
    <subfield code="e">Dep&#xF3;sito Legal </subfield>
    <subfield code="l">0</subfield>
    <subfield code="p">2021-28325</subfield>
    <subfield code="r">2021-11-24</subfield>
    <subfield code="t">e.2</subfield>
    <subfield code="w">2021-11-24</subfield>
    <subfield code="y">LFPD</subfield>
  </datafield>
  <datafield tag="952" ind1=" " ind2=" ">
    <subfield code="0">0</subfield>
    <subfield code="1">0</subfield>
    <subfield code="2">ddc</subfield>
    <subfield code="5">6</subfield>
    <subfield code="7">0</subfield>
    <subfield code="8">DS</subfield>
    <subfield code="a">BNPHU</subfield>
    <subfield code="b">DO</subfield>
    <subfield code="c">HD</subfield>
    <subfield code="d">2021-11-24</subfield>
    <subfield code="e">Dep&#xF3;sito Legal </subfield>
    <subfield code="l">0</subfield>
    <subfield code="p">2021-28326</subfield>
    <subfield code="r">2021-11-24</subfield>
    <subfield code="t">e.3</subfield>
    <subfield code="w">2021-11-24</subfield>
    <subfield code="y">LFDS</subfield>
  </datafield>
  <datafield tag="999" ind1=" " ind2=" ">
    <subfield code="c">51034</subfield>
    <subfield code="d">51034</subfield>
  </datafield>
</record>
